000 00810 a2200181 4500
003 Nust
005 20250926175647.0
040 _cNust
082 _a621.38863,WOR
100 _aWortman Leon A
_978255
245 _aClosed Circuits Television Handbook/
_cLeon A. Wortman
260 _aNew York
_bHoward W.Sams
_c1964
300 _a286p
505 _aWhat Closed Circuit (Page-9),Cameras (Page-22),Monitors (Page-44),Expanding The Sys (Page-59),Video Recording Tech (Page-91),Closed-Circuit Television (Page-107),Closed Circuit Television In Commerce (Page-132),Closed Circuit Television In Research (Page-168),Lenses, Lighting And Wiring (Page-193),Microwave Replays (Page-213),Circuit And Services (Page-224).
600 _aLeon A Wortman
_9130741
650 _aClosed Circuits
_9106294
942 _2ddc
_cBK
999 _c183404
_d183404